[Event "Bad Woerishofen Sen"]
[Site "Bad Woerishofen"]
[Date "2001.??.??"]
[Round "9"]
[White "Pukropski, Walter"]
[Black "Schwenke, Norbert"]
[Result "1-0"]
[WhiteElo "1700"]
[BlackElo "1578"]
[Annotator "ChessOrg"]
[PlyCount "107"]
[EventDate "1998.03.05"]
[Source "ChessBase"]
[SourceDate "1998.04.29"]

1. d4 Nf6 2. c4 e5 3. d5 Bc5 4. e3 d6 5. Bd3 Bd7 6. Nc3 c6 7. a3 a5 8. Qe2 O-O
9. Bd2 Qc8 10. h3 Re8 11. g4 e4 12. Bc2 Re5 13. f4 exf3 14. Nxf3 Re7 15. g5 Ne8
16. O-O-O Bf5 17. e4 Bg6 18. Qg2 Nd7 19. Bf4 Ne5 20. Nd2 Bh5 21. Rde1 g6 22.
Qg3 Ng7 23. Ref1 Qf8 24. Qg2 Bd4 25. Ne2 Bc5 26. Ng3 Rc8 27. Kb1 Bd4 28. Nb3
Bb6 29. Bxe5 Rxe5 30. Nxh5 Nxh5 31. Nd2 Qg7 32. Nf3 Re7 33. Qg4 Rce8 34. Rd1
Bc7 35. e5 cxd5 36. exd6 Bxd6 37. Rxd5 Bc7 38. Rhd1 Ng3 39. Rd7 f5 40. gxf6
Qxf6 41. Rxc7 Rxc7 42. Qxg3 Rxc4 43. Bb3 Qf5+ 44. Ka1 Rec8 45. Rc1 b5 46. Ne5
a4 47. Ba2 Kg7 48. Nxc4 bxc4 49. Qc3+ Kh6 50. Qe3+ g5 51. h4 Qf4 52. hxg5+ Kxg5
53. Rg1+ Kf5 54. Bb1+ 1-0

[Event "Bad Woerishofen Sen"]
[Site "Bad Woerishofen"]
[Date "2001.??.??"]
[Round "1"]
[White "Rahn, Oskar"]
[Black "Eichinger, Adolf"]
[Result "1-0"]
[WhiteElo "2055"]
[BlackElo "1700"]
[Annotator "ChessOrg"]
[PlyCount "47"]
[EventDate "1998.03.05"]
[Source "ChessBase"]
[SourceDate "1998.04.29"]

1. d4 Nf6 2. Bg5 e6 3. Nd2 Be7 4. e4 d6 5. c3 c6 6. f4 h6 7. Bxf6 Bxf6 8. Ngf3
Nd7 9. e5 Be7 10. Bd3 d5 11. O-O c5 12. f5 O-O 13. Qe2 Qb6 14. Rab1 cxd4 15.
cxd4 f6 16. fxe6 Qxe6 17. Rbe1 f5 18. Nb1 f4 19. Nc3 Bb4 20. Nxd5 Bxe1 21. Nxe1
Nxe5 22. dxe5 Kh8 23. Qe4 Qf5 24. Rxf4 1-0

[Event "Bad Woerishofen Sen"]
[Site "Bad Woerishofen"]
[Date "2001.??.??"]
[Round "3"]
[White "Rahn, Oskar"]
[Black "Turboust, Roger"]
[Result "1-0"]
[WhiteElo "2055"]
[BlackElo "1790"]
[Annotator "ChessOrg"]
[PlyCount "79"]
[EventDate "1998.03.05"]
[Source "ChessBase"]
[SourceDate "1998.04.29"]

1. e4 e5 2. Nf3 Nc6 3. d4 d6 4. Bc4 Bg4 5. c3 Qf6 6. Be3 g6 7. Nbd2 Bh6 8. Qb3
Nd8 9. dxe5 dxe5 10. Bxh6 Nxh6 11. Qb5+ Nc6 12. Bd5 O-O 13. Bxc6 Bxf3 14. Bxb7
Bxg2 15. Rg1 Rad8 16. Rxg2 Rxd2 17. Kxd2 Rd8+ 18. Kc2 Rd6 19. Qe2 Kg7 20. Rd1
Rb6 21. Bd5 Qe7 22. Bb3 f5 23. Qc4 fxe4 24. Qxe4 Rd6 25. Rxd6 cxd6 26. Rg3 Qd7
27. Rf3 Nf5 28. Rd3 Qc7 29. Qd5 Nd4+ 30. Kd1 Nxb3 31. axb3 Qc8 32. Qxd6 Qg4+
33. Kc2 Qe4 34. Qd5 Qe2+ 35. Rd2 Qh5 36. Qd7+ Kh6 37. Qf7 Qxh2 38. Qf6 a5 39.
f4 Qh1 40. Qg5+ 1-0

[Event "Bad Woerishofen Sen"]
[Site "Bad Woerishofen"]
[Date "2001.??.??"]
[Round "5"]
[White "Rahn, Oskar"]
[Black "Leschhorn, Heinrich"]
[Result "1-0"]
[WhiteElo "2055"]
[BlackElo "1821"]
[Annotator "ChessOrg"]
[PlyCount "101"]
[EventDate "1998.03.05"]
[Source "ChessBase"]
[SourceDate "1998.04.29"]

1. e4 Nf6 2. e5 Nd5 3. c4 Nb6 4. c5 Nd5 5. Nc3 e6 6. d4 d6 7. cxd6 cxd6 8. Nf3
Nc6 9. Bb5 Bd7 10. Nxd5 exd5 11. O-O Be7 12. Bxc6 Bxc6 13. Re1 O-O 14. Bf4 dxe5
15. Bxe5 Bf6 16. Qd2 Bxe5 17. Nxe5 Rc8 18. Rac1 Bd7 19. Rxc8 Bxc8 20. Rc1 Be6
21. h3 h6 22. a3 Qb6 23. b4 Rc8 24. Rc5 Rxc5 25. bxc5 Qb3 26. Qd3 Qxd3 27. Nxd3
Bd7 28. f4 Kf8 29. Kf2 Ke7 30. Nb4 Bc6 31. Ke3 Kd7 32. f5 a5 33. Nd3 Kc7 34.
Ne5 Be8 35. f6 g6 36. Nd3 Kd7 37. Nf4 Kc6 38. h4 g5 39. hxg5 hxg5 40. Nd3 Kb5
41. Nb2 Bd7 42. g3 Be6 43. Kd2 Bf5 44. Kc3 Be6 45. Nd1 Ka4 46. Kb2 Kb5 47. Ne3
Ka4 48. Nd1 Kb5 49. Kb3 a4+ 50. Kc3 Bg4 51. Nf2 1-0

[Event "Bad Woerishofen Sen"]
[Site "Bad Woerishofen"]
[Date "2001.??.??"]
[Round "7"]
[White "Rahn, Oskar"]
[Black "Kristiansen, Erling"]
[Result "1/2-1/2"]
[WhiteElo "2055"]
[BlackElo "2214"]
[Annotator "ChessOrg"]
[PlyCount "49"]
[EventDate "1998.03.05"]
[Source "ChessBase"]
[SourceDate "1998.04.29"]

1. d4 e6 2. Nf3 d5 3. Bf4 Nf6 4. e3 c5 5. c3 Nc6 6. Nbd2 Be7 7. Bd3 Nh5 8. Bg3
Nxg3 9. hxg3 g6 10. Ne5 Nxe5 11. dxe5 Bd7 12. c4 Bc6 13. Qc2 Qa5 14. O-O O-O
15. g4 b5 16. b3 Rfd8 17. Rad1 bxc4 18. bxc4 Ba4 19. Nb3 Qb4 20. Rb1 Rab8 21.
Qe2 dxc4 22. Bxc4 Qc3 23. f4 Bxb3 24. axb3 Rd2 25. Qf3 1/2-1/2

[Event "Bad Woerishofen Sen"]
[Site "Bad Woerishofen"]
[Date "2001.??.??"]
[Round "9"]
[White "Rahn, Oskar"]
[Black "Xander, Karl"]
[Result "1-0"]
[WhiteElo "2055"]
[BlackElo "1920"]
[Annotator "ChessOrg"]
[PlyCount "125"]
[EventDate "1998.03.05"]
[Source "ChessBase"]
[SourceDate "1998.04.29"]

1. d4 Nf6 2. Bg5 Ne4 3. Bf4 d5 4. f3 Nf6 5. Nc3 Nh5 6. Bc1 e6 7. g3 c5 8. e3
Nc6 9. Nge2 Be7 10. Bg2 O-O 11. O-O f5 12. Kh1 Bd7 13. a3 Rc8 14. Bd2 Qe8 15.
Qe1 Qg6 16. Rc1 Nf6 17. Nf4 Qf7 18. dxc5 Bxc5 19. Nd3 Be7 20. b4 a6 21. Na4
Rce8 22. Nac5 Rb8 23. e4 Bxc5 24. Nxc5 e5 25. exd5 Nxd5 26. c4 Nf6 27. b5 axb5
28. cxb5 Nd4 29. Qxe5 Nxb5 30. Nxd7 Qxd7 31. Bb4 Rfe8 32. Qb2 Qd4 33. Qa2+ Kh8
34. Rfd1 Qe3 35. Bc5 Qe6 36. Qxe6 Rxe6 37. a4 b6 38. Bb4 Na7 39. Rd6 Rxd6 40.
Bxd6 Re8 41. Bf1 h6 42. Ba6 Nd5 43. Bb7 Rd8 44. Be5 Rd7 45. Bxd5 Rxd5 46. Bxg7+
Kxg7 47. Rc7+ Kf6 48. Rxa7 Rd3 49. Kg2 Rd2+ 50. Kh3 Ra2 51. Ra6 Kg5 52. f4+ Kh5
53. Rxb6 Rxa4 54. Rf6 Ra5 55. Rxf5+ Rxf5 56. g4+ Kg6 57. gxf5+ Kxf5 58. Kg3 h5
59. Kf3 Kf6 60. Ke4 Ke6 61. f5+ Kf6 62. Kf4 h4 63. h3 1-0

[Event "Bad Woerishofen Sen"]
[Site "Bad Woerishofen"]
[Date "2001.??.??"]
[Round "1"]
[White "Reinke, Kurt"]
[Black "Gebert, Herbert"]
[Result "1-0"]
[WhiteElo "1841"]
[BlackElo "1638"]
[Annotator "ChessOrg"]
[PlyCount "93"]
[EventDate "1998.03.05"]
[Source "ChessBase"]
[SourceDate "1998.04.29"]

1. d4 d5 2. Nf3 Nf6 3. c4 e6 4. Nc3 Bb4 5. Bg5 a6 6. e3 Be7 7. Rc1 O-O 8. Bd3
dxc4 9. Bxc4 c6 10. O-O b5 11. Bd3 Bb7 12. Qe2 Nbd7 13. Rfd1 Rc8 14. e4 Nh5 15.
Be3 f5 16. e5 Qe8 17. Qf1 c5 18. Be2 f4 19. Bd2 g5 20. h3 cxd4 21. Nxd4 Bc5 22.
Bxh5 Qxh5 23. Nxe6 Rfe8 24. Nxc5 Nxc5 25. b4 Ne6 26. f3 Nd4 27. Bxf4 Nxf3+ 28.
gxf3 gxf4 29. Re1 Kh8 30. Ne4 Rxe5 31. Rxc8+ Bxc8 32. Kh2 Bb7 33. Qd3 Qh4 34.
Rg1 Bxe4 35. fxe4 Qe7 36. Qc3 h6 37. Rg6 Kh7 38. Qc6 Qh4 39. Rg2 Rg5 40. Qd7+
Kg8 41. Qg4 Qxg4 42. Rxg4 Rxg4 43. hxg4 Kf7 44. Kg2 Kf6 45. Kf2 Ke6 46. Kf3 Ke5
47. a3 1-0

[Event "Bad Woerishofen Sen"]
[Site "Bad Woerishofen"]
[Date "2001.??.??"]
[Round "3"]
[White "Reinke, Kurt"]
[Black "Bergmeister, E."]
[Result "1-0"]
[WhiteElo "1841"]
[BlackElo "1691"]
[Annotator "ChessOrg"]
[PlyCount "149"]
[EventDate "1998.03.05"]
[Source "ChessBase"]
[SourceDate "1998.04.29"]

1. d4 d5 2. Nf3 Nf6 3. c4 e6 4. Bg5 Be7 5. e3 h6 6. Bh4 c6 7. Nc3 Nbd7 8. Bd3
Qb6 9. Qc2 dxc4 10. Bxc4 Nd5 11. Bxe7 Nxe7 12. O-O O-O 13. Ne4 Qc7 14. Bb3 Nd5
15. Rac1 N7f6 16. Nxf6+ Nxf6 17. Ne5 Nd7 18. f4 Nxe5 19. fxe5 Qe7 20. Rf3 Bd7
21. Rcf1 Qg5 22. Qf2 f5 23. Rg3 Qe7 24. Rg6 Kh7 25. Qg3 Rf7 26. Rf4 Re8 27. Bc2
Ref8 28. h4 b6 29. h5 c5 30. Bb3 cxd4 31. exd4 Re8 32. d5 Qc5+ 33. Kh2 exd5 34.
Rd6 Rxe5 35. Rxh6+ Kg8 36. Rg6 Kf8 37. h6 gxh6 38. Rg8+ Ke7 39. Qh4+ Kd6 40.
Qxh6+ Re6 41. Rg6 Rxg6 42. Qxg6+ Be6 43. Rh4 Qe3 44. Qg3+ Qe5 45. Rh8 Qxg3+ 46.
Kxg3 Ke5 47. Rh1 f4+ 48. Kf3 Bf5 49. Rh5 Rd7 50. Bc2 Rf7 51. b4 Ke6 52. Bxf5+
Rxf5 53. Rh4 d4 54. Ke4 Rg5 55. Rh2 Rg3 56. Kxf4 Ra3 57. g4 Kd5 58. g5 Re3 59.
g6 Re8 60. g7 Rg8 61. Rg2 d3 62. Ke3 Kc4 63. Kd2 Kxb4 64. Kxd3 Kc5 65. Rg6 Kd5
66. Kc3 Ke5 67. Kc4 Kf5 68. Rg2 Kf6 69. Kb5 Kf7 70. a4 Rxg7 71. Rxg7+ Kxg7 72.
Ka6 Kf7 73. Kxa7 Ke7 74. Kxb6 Kd8 75. Kb7 1-0

[Event "Bad Woerishofen Sen"]
[Site "Bad Woerishofen"]
[Date "2001.??.??"]
[Round "5"]
[White "Reinke, Kurt"]
[Black "Antusch, Ingrid"]
[Result "1-0"]
[WhiteElo "1841"]
[BlackElo "1700"]
[Annotator "ChessOrg"]
[PlyCount "123"]
[EventDate "1998.03.05"]
[Source "ChessBase"]
[SourceDate "1998.04.29"]

1. d4 d5 2. Nf3 f5 3. e3 Nf6 4. c4 e6 5. Nc3 c6 6. Be2 Bd6 7. c5 Bc7 8. Ng5 O-O
9. b4 a6 10. Bb2 Qe7 11. h4 e5 12. h5 h6 13. Nf3 exd4 14. Nxd4 Be5 15. Nf3 Bc7
16. Nh4 Re8 17. Ng6 Qe6 18. Qc2 Nbd7 19. Bd3 Nf8 20. Nh4 Ne4 21. O-O-O b5 22.
Nf3 a5 23. Nd4 Qf6 24. a3 Bd7 25. Bxe4 fxe4 26. Rdf1 Qg5 27. Nce2 axb4 28. axb4
Ra4 29. Qd2 Rea8 30. f4 Qf6 31. g4 Bxg4 32. Rfg1 Bd7 33. Nb3 Ra1+ 34. Nxa1
Rxa1+ 35. Kc2 Ra2 36. Kb3 Rxb2+ 37. Qxb2 Qxb2+ 38. Kxb2 Bd8 39. Kc2 Bf6 40. Nd4
Bxd4 41. exd4 Ne6 42. Kc3 Nxf4 43. Kd2 Be8 44. Ra1 Nxh5 45. Ra8 Nf6 46. Rf1 Kf7
47. Ra7+ Ke6 48. Rxg7 h5 49. Rg5 Ng4 50. Rf8 Ke7 51. Rh8 e3+ 52. Ke2 Bf7 53.
Rf5 Ke6 54. Rf4 Ke7 55. Rxg4 hxg4 56. Kxe3 Kf6 57. Rc8 Be6 58. Rxc6 Kf5 59. Rb6
Bd7 60. c6 Be8 61. c7 Bd7 62. Rxb5 1-0

[Event "Bad Woerishofen Sen"]
[Site "Bad Woerishofen"]
[Date "2001.??.??"]
[Round "6"]
[White "Reinke, Kurt"]
[Black "Wicklund-Hansen, Richard"]
[Result "1-0"]
[WhiteElo "1841"]
[BlackElo "2058"]
[Annotator "ChessOrg"]
[PlyCount "45"]
[EventDate "1998.03.05"]
[Source "ChessBase"]
[SourceDate "1998.04.29"]

1. d4 Nc6 2. c4 d5 3. Nf3 Bg4 4. e3 e6 5. Nc3 Nf6 6. h3 Bh5 7. c5 a6 8. Be2 b6
9. Qa4 Qd7 10. Bb5 axb5 11. Qxa8+ Ke7 12. cxb6 cxb6 13. Bd2 Bxf3 14. gxf3 Na5
15. Qa6 b4 16. Nb5 Ke8 17. Rc1 Nc4 18. b3 Nd6 19. Nc7+ Kd8 20. Qxb6 Nc8 21.
Nxe6+ Ke8 22. Nc7+ Kd8 23. Qa5 1-0

[Event "Bad Woerishofen Sen"]
[Site "Bad Woerishofen"]
[Date "2001.??.??"]
[Round "8"]
[White "Reinke, Kurt"]
[Black "Wunderer, Eckart"]
[Result "0-1"]
[WhiteElo "1841"]
[BlackElo "2139"]
[Annotator "ChessOrg"]
[PlyCount "90"]
[EventDate "1998.03.05"]
[Source "ChessBase"]
[SourceDate "1998.04.29"]

1. d4 Nf6 2. Nf3 d6 3. c4 Nbd7 4. g3 e5 5. dxe5 dxe5 6. Bg2 Bb4+ 7. Bd2 Qe7 8.
Nc3 c6 9. O-O O-O 10. a3 Bd6 11. Ng5 Nc5 12. b4 Ne6 13. c5 Bc7 14. Nxe6 Bxe6
15. Qc2 Rfd8 16. Bg5 h6 17. Bxf6 Qxf6 18. Ne4 Qg6 19. Rfd1 Bd5 20. Rd2 f5 21.
Nd6 Bxd6 22. cxd6 Rxd6 23. Rad1 Rad8 24. Bxd5+ cxd5 25. a4 Qf7 26. b5 b6 27.
Rc1 d4 28. Qb1 e4 29. Rdc2 d3 30. exd3 Rxd3 31. Rc8 Qd7 32. Qc2 Kh7 33. Rc7 Qd4
34. Rf1 Rd2 35. Qb3 Rd7 36. Rc8 Qd5 37. Qa3 Rd1 38. Rc1 Rxc1 39. Rxc1 Qd2 40.
Rf1 Rd3 41. Qf8 Rf3 42. Qe7 Qe2 43. Qxa7 e3 44. Qxb6 Rxf2 45. Rxf2 Qxf2+ 0-1

[Event "Bad Woerishofen Sen"]
[Site "Bad Woerishofen"]
[Date "2001.??.??"]
[Round "1"]
[White "Richter, Gerhard"]
[Black "Peters, Paul"]
[Result "0-1"]
[WhiteElo "1913"]
[BlackElo "1950"]
[Annotator "ChessOrg"]
[PlyCount "44"]
[EventDate "1998.03.05"]
[Source "ChessBase"]
[SourceDate "1998.04.29"]

1. Nf3 Nf6 2. g3 g6 3. Bg2 Bg7 4. d3 d6 5. e4 e5 6. Nc3 Nc6 7. O-O O-O 8. Bd2
Bd7 9. Qc1 Qc8 10. Bh6 Bh3 11. Bxg7 Kxg7 12. Ng5 Bxg2 13. Kxg2 h6 14. Nf3 Nh7
15. h4 f5 16. Nh2 f4 17. Qd1 Nd4 18. g4 f3+ 19. Kg3 Nf6 20. Qd2 Nxg4 21. Nxg4
Rf4 22. Ne3 h5 0-1

[Event "Bad Woerishofen Sen"]
[Site "Bad Woerishofen"]
[Date "2001.??.??"]
[Round "3"]
[White "Richter, Gerhard"]
[Black "Bareth, Walter"]
[Result "1/2-1/2"]
[WhiteElo "1913"]
[BlackElo "1876"]
[Annotator "ChessOrg"]
[PlyCount "64"]
[EventDate "1998.03.05"]
[Source "ChessBase"]
[SourceDate "1998.04.29"]

1. Nf3 d5 2. d3 Nf6 3. g3 Bf5 4. Bg2 e6 5. O-O Be7 6. Nbd2 O-O 7. Qe1 h6 8. e4
Bh7 9. e5 Nfd7 10. Nb3 c5 11. Qe2 Nc6 12. h4 Qc7 13. Re1 Nb4 14. a3 c4 15. axb4
cxb3 16. c3 a5 17. bxa5 Rxa5 18. Rxa5 Qxa5 19. d4 b5 20. Bf1 Rb8 21. g4 Bc2 22.
h5 Qd8 23. g5 hxg5 24. Nh2 Nf8 25. Bh3 Nh7 26. Ng4 Bf5 27. Bg2 Nf8 28. Bd2 Bc2
29. Ne3 Bh7 30. Bh3 Kh8 31. h6 Bg6 32. hxg7+ Kxg7 1/2-1/2

[Event "Bad Woerishofen Sen"]
[Site "Bad Woerishofen"]
[Date "2001.??.??"]
[Round "6"]
[White "Richter, Gerhard"]
[Black "Fehres, Werner"]
[Result "1/2-1/2"]
[WhiteElo "1913"]
[BlackElo "1816"]
[Annotator "ChessOrg"]
[PlyCount "34"]
[EventDate "1998.03.05"]
[Source "ChessBase"]
[SourceDate "1998.04.29"]

1. Nf3 d6 2. e4 e5 3. Bc4 c6 4. Nc3 Qc7 5. a4 Be7 6. d3 Nf6 7. Qe2 O-O 8. O-O
Nbd7 9. a5 Nc5 10. d4 exd4 11. Nxd4 Be6 12. Nxe6 Nxe6 13. Be3 b5 14. axb6 axb6
15. Bxe6 fxe6 16. Qc4 d5 17. exd5 exd5 1/2-1/2

[Event "Bad Woerishofen Sen"]
[Site "Bad Woerishofen"]
[Date "2001.??.??"]
[Round "8"]
[White "Richter, Gerhard"]
[Black "Rogala, Jan"]
[Result "1/2-1/2"]
[WhiteElo "1913"]
[BlackElo "1800"]
[Annotator "ChessOrg"]
[PlyCount "67"]
[EventDate "1998.03.05"]
[Source "ChessBase"]
[SourceDate "1998.04.29"]

1. Nf3 d5 2. d3 e6 3. g3 b6 4. Bg2 Bb7 5. Nbd2 Nf6 6. O-O Be7 7. b3 O-O 8. Bb2
c5 9. e4 dxe4 10. Ng5 Qc7 11. dxe4 h6 12. Nh3 Rd8 13. Qe2 e5 14. f4 Nc6 15.
fxe5 Nxe5 16. Nc4 Nxc4 17. bxc4 Rd7 18. Nf4 Rad8 19. Nd5 Bxd5 20. exd5 Bd6 21.
Bxf6 gxf6 22. Qg4+ Kf8 23. Rae1 Re7 24. Qf5 Rxe1 25. Rxe1 Kg7 26. Re4 Be5 27.
Rg4+ Kf8 28. Qh7 Ke7 29. Be4 Kd6 30. Rg7 Rf8 31. Qxh6 Qe7 32. Qh7 Kc7 33. Kg2
f5 34. Bxf5 {Rest unleserlich ,Remis im 45.Zug} 1/2-1/2

[Event "Bad Woerishofen Sen"]
[Site "Bad Woerishofen"]
[Date "2001.??.??"]
[Round "1"]
[White "Rogala, Jan"]
[Black "Bartlitz, Heinz"]
[Result "1-0"]
[WhiteElo "1800"]
[BlackElo "1571"]
[Annotator "ChessOrg"]
[PlyCount "113"]
[EventDate "1998.03.05"]
[Source "ChessBase"]
[SourceDate "1998.04.29"]

1. d4 d6 2. c4 f5 3. Nf3 Nf6 4. Nc3 g6 5. e3 Bg7 6. Qb3 c6 7. Be2 O-O 8. O-O
Qe8 9. Bd2 e5 10. c5+ d5 11. Nxe5 Ne4 12. Nf3 Nxd2 13. Nxd2 Nd7 14. Nf3 Rb8 15.
Qa4 a6 16. Rac1 Nf6 17. Qb3 Qd8 18. Ne5 Nd7 19. Nf3 Nf6 20. Bxa6 b5 21. Bxc8
Qxc8 22. a3 Ne4 23. Rcd1 Nxc3 24. Qxc3 Qc7 25. Ng5 Qe7 26. Nf3 Rfe8 27. Rfe1
Rb7 28. h3 Ra7 29. Qb3 h6 30. Qc2 Qe4 31. Qxe4 fxe4 32. Nd2 Rb8 33. Ra1 Rba8
34. Nb3 Bf6 35. Rf1 Ra4 36. Rfc1 Kf7 37. Kf1 Ke6 38. Ke2 h5 39. g3 Rb8 40. Nd2
Rba8 41. Ra2 b4 42. Rca1 bxa3 43. Rxa3 Rxa3 44. Rxa3 Rxa3 45. bxa3 Bd8 46. Nb3
Kd7 47. a4 Kc8 48. f3 exf3+ 49. Kxf3 g5 50. g4 hxg4+ 51. Kxg4 Kb7 52. Kf5 Ka6
53. Ke6 Kb7 54. Kd7 Bc7 55. Nd2 Bg3 56. a5 Bf2 57. Nf1 1-0

[Event "Bad Woerishofen Sen"]
[Site "Bad Woerishofen"]
[Date "2001.??.??"]
[Round "3"]
[White "Rogala, Jan"]
[Black "Franz, Irma"]
[Result "1/2-1/2"]
[WhiteElo "1800"]
[BlackElo "1370"]
[Annotator "ChessOrg"]
[PlyCount "50"]
[EventDate "1998.03.05"]
[Source "ChessBase"]
[SourceDate "1998.04.29"]

1. d4 d5 2. c4 e6 3. Nc3 dxc4 4. Nf3 c6 5. a4 Nf6 6. e3 Bb4 7. Bd2 Nd5 8. Bxc4
Bxc3 9. bxc3 O-O 10. e4 Ne7 11. Qb3 h6 12. O-O Ng6 13. e5 Nd7 14. a5 Rb8 15.
Bd3 Qe7 16. Rab1 b5 17. axb6 Rxb6 18. Qc2 Ba6 19. Bxa6 Rxa6 20. Rb7 Rd8 21.
Rfb1 Qf8 22. Qb3 Rb6 23. Qa4 Rxb1+ 24. Rxb1 Rb8 25. Rb4 Rxb4 1/2-1/2

[Event "Bad Woerishofen Sen"]
[Site "Bad Woerishofen"]
[Date "2001.??.??"]
[Round "5"]
[White "Rogala, Jan"]
[Black "Thonig, Manfred"]
[Result "1/2-1/2"]
[WhiteElo "1800"]
[BlackElo "1587"]
[Annotator "ChessOrg"]
[PlyCount "79"]
[EventDate "1998.03.05"]
[Source "ChessBase"]
[SourceDate "1998.04.29"]

1. d4 f5 2. c4 Nf6 3. Nc3 e6 4. Nf3 Bb4 5. Bd2 O-O 6. a3 Bxc3 7. Bxc3 Ne4 8.
Qc2 Nxc3 9. Qxc3 d5 10. e3 Nd7 11. Rc1 c6 12. Bd3 Nf6 13. Ne5 Ne4 14. Bxe4 fxe4
15. O-O Qe8 16. Qc2 Qe7 17. c5 Bd7 18. Qe2 Rad8 19. Qd1 Be8 20. Qg4 Rf5 21. f4
exf3 22. Nxf3 h5 23. Qh4 g5 24. Qg3 Qg7 25. Ne5 Qh6 26. Rxf5 exf5 27. Rf1 h4
28. Qf3 f4 29. exf4 Bh5 30. fxg5 Qxg5 31. Qf6 Qxf6 32. Rxf6 Kg7 33. Rf4 Kh6 34.
Nf7+ Bxf7 35. Rxf7 Rb8 36. Kf2 Kg6 37. Rf4 Kg5 38. Kf3 b6 39. b4 b5 40. Rg4+
1/2-1/2

[Event "Bad Woerishofen Sen"]
[Site "Bad Woerishofen"]
[Date "2001.??.??"]
[Round "7"]
[White "Rogala, Jan"]
[Black "Bergmeister, E."]
[Result "1-0"]
[WhiteElo "1800"]
[BlackElo "1691"]
[Annotator "ChessOrg"]
[PlyCount "99"]
[EventDate "1998.03.05"]
[Source "ChessBase"]
[SourceDate "1998.04.29"]

1. d4 d5 2. c4 e6 3. Nc3 c5 4. cxd5 exd5 5. e3 Nf6 6. Nf3 Nc6 7. h3 Bf5 8. Bd3
Bxd3 9. Qxd3 c4 10. Qf5 g6 11. Qc2 Bb4 12. Bd2 O-O 13. O-O Re8 14. a3 Bxc3 15.
Bxc3 Ne4 16. a4 a5 17. b3 Nxc3 18. Qxc3 cxb3 19. Qxb3 Nb4 20. Ne5 Rc8 21. Rfc1
Qd6 22. Rc3 f6 23. Nd3 Rxc3 24. Qxc3 Nxd3 25. Qxd3 Qb4 26. Qb5 Qxb5 27. axb5 b6
28. Rc1 Kf7 29. Kf1 Ra8 30. Rc7+ Ke8 31. Rc3 Kd8 32. Ke2 Rc8 33. Rxc8+ Kxc8 34.
Kd3 Kd7 35. f3 f5 36. h4 Ke6 37. g3 Kf6 38. Kc3 g5 39. h5 g4 40. fxg4 Kg5 41.
gxf5 Kxf5 42. Kb3 Kg4 43. Kc2 Kxh5 44. e4 dxe4 45. d5 e3 46. d6 e2 47. Kd2 a4
48. d7 a3 49. d8=Q e1=Q+ 50. Kxe1 1-0

[Event "Bad Woerishofen Sen"]
[Site "Bad Woerishofen"]
[Date "2001.??.??"]
[Round "9"]
[White "Rogala, Jan"]
[Black "Sauer, Rudolf"]
[Result "1-0"]
[WhiteElo "1800"]
[BlackElo "1684"]
[Annotator "ChessOrg"]
[PlyCount "127"]
[EventDate "1998.03.05"]
[Source "ChessBase"]
[SourceDate "1998.04.29"]

1. d4 Nf6 2. c4 e5 3. dxe5 Ne4 4. Nf3 Bb4+ 5. Bd2 Nxd2 6. Nbxd2 Nc6 7. a3 Be7
8. e3 O-O 9. Ne4 Re8 10. Qd5 h6 11. Rd1 Bf8 12. Be2 Qe7 13. Nc3 a6 14. O-O Nxe5
15. Nxe5 Qxe5 16. Bf3 d6 17. Qxe5 dxe5 18. Nd5 Bd6 19. c5 Bxc5 20. Nxc7 e4 21.
Be2 Be6 22. Nxa8 Rxa8 23. Rc1 Bd6 24. Bc4 Bg4 25. Bd5 Be2 26. Rfe1 Bd3 27. Bxb7
Rb8 28. Rc8+ Rxc8 29. Bxc8 Be5 30. Bd7 Bxb2 31. a4 Kf8 32. Rd1 Ke7 33. f3 Ba3
34. Bf5 Be2 35. Ra1 Bc5 36. Kf2 exf3 37. gxf3 g6 38. Be4 f5 39. Bxf5 Bxf3 40.
Bxg6 Bc6 41. Rc1 Kd6 42. Rc4 Bd5 43. Rh4 Bb3 44. Rxh6 Kc7 45. Bd3 a5 46. Bb5
Bb4 47. Rc6+ Kb7 48. h4 Bd1 49. Rh6 Kc7 50. Rh7+ Kc8 51. h5 Bc2 52. Rh6 Kd8 53.
Ra6 Ke7 54. h6 Kf8 55. Ke2 Kg8 56. Bd3 Bxd3+ 57. Kxd3 Kh7 58. e4 Be1 59. Kd4
Bb4 60. e5 Bd2 61. Kd5 Bb4 62. e6 Kg8 63. Ra7 Bc3 64. Ra8+ 1-0

[Event "Bad Woerishofen Sen"]
[Site "Bad Woerishofen"]
[Date "2001.??.??"]
[Round "2"]
[White "Ruppelt, Guenter"]
[Black "Janssen, Helmut"]
[Result "1/2-1/2"]
[WhiteElo "1700"]
[BlackElo "1900"]
[Annotator "ChessOrg"]
[PlyCount "55"]
[EventDate "1998.03.05"]
[Source "ChessBase"]
[SourceDate "1998.04.29"]

1. d4 Nf6 2. e3 d5 3. Bd3 e6 4. f4 c5 5. c3 Nc6 6. Nf3 c4 7. Bc2 Be7 8. O-O O-O
9. Qe1 Ne4 10. Nbd2 f5 11. Nxe4 fxe4 12. Ne5 Nxe5 13. fxe5 Rxf1+ 14. Qxf1 Bg5
15. Bd2 Qe7 16. Qe2 Bd7 17. Rf1 b5 18. g3 Rf8 19. Rxf8+ Qxf8 20. Bd1 Qf5 21.
Qf2 g6 22. Kg2 Kg7 23. h4 Be7 24. Qf4 h5 25. Qf2 Be8 26. Qf4 g5 27. hxg5 Bxg5
28. Qf2 1/2-1/2

[Event "Bad Woerishofen Sen"]
[Site "Bad Woerishofen"]
[Date "2001.??.??"]
[Round "4"]
[White "Ruppelt, Guenter"]
[Black "Hennig, Manfred"]
[Result "0-1"]
[WhiteElo "1700"]
[BlackElo "1454"]
[Annotator "ChessOrg"]
[PlyCount "84"]
[EventDate "1998.03.05"]
[Source "ChessBase"]
[SourceDate "1998.04.29"]

1. d4 d5 2. e3 c6 3. Bd3 f5 4. Nf3 Nf6 5. Nbd2 e6 6. Ne5 Nbd7 7. f4 Be7 8. O-O
O-O 9. Ndf3 Nxe5 10. fxe5 Nd7 11. b3 g5 12. Kh1 g4 13. Ng1 Qe8 14. Ne2 Bg5 15.
Nf4 Bxf4 16. exf4 Rf7 17. g3 h5 18. Be3 Nf8 19. Qe2 Ng6 20. Rf2 h4 21. Rg1 Rh7
22. Kg2 Qe7 23. c3 Rh8 24. Kf1 Bd7 25. Rfg2 h3 26. Rf2 Kg7 27. Qc2 Rhc8 28. b4
b5 29. Ke2 a5 30. Qb2 axb4 31. cxb4 Ra4 32. Bd2 Rca8 33. Ra1 Nf8 34. a3 Bc8 35.
Ke3 Nd7 36. Bc3 Nb6 37. Rc2 Qd7 38. Qc1 Nc4+ 39. Bxc4 dxc4 40. Bb2 Bb7 41. Kf2
Qd5 42. Qe3 Qg2+ 0-1

[Event "Bad Woerishofen Sen"]
[Site "Bad Woerishofen"]
[Date "2001.??.??"]
[Round "6"]
[White "Ruppelt, Guenter"]
[Black "Schwenke, Norbert"]
[Result "1/2-1/2"]
[WhiteElo "1700"]
[BlackElo "1578"]
[Annotator "ChessOrg"]
[PlyCount "54"]
[EventDate "1998.03.05"]
[Source "ChessBase"]
[SourceDate "1998.04.29"]

1. d4 Nf6 2. e3 a6 3. Bd3 d5 4. Nd2 b5 5. Qe2 Bb7 6. f4 e6 7. Ngf3 Nbd7 8. O-O
c5 9. c3 Qc7 10. Ne5 c4 11. Bb1 g6 12. Ndf3 Ne4 13. Nxd7 Qxd7 14. Ne5 Qe7 15.
a3 Bg7 16. Ng4 O-O 17. Nf2 f5 18. Nxe4 dxe4 19. Bc2 Bd5 20. Bd2 Bf6 21. g4 h6
22. Kh1 Qh7 23. Rg1 Kf7 24. Rg2 Rg8 25. Rag1 Rg7 26. Be1 Rh8 27. h4 Bd8 1/2-1/2

[Event "Bad Woerishofen Sen"]
[Site "Bad Woerishofen"]
[Date "2001.??.??"]
[Round "8"]
[White "Ruppelt, Guenter"]
[Black "Girod, Gudrun"]
[Result "1/2-1/2"]
[WhiteElo "1700"]
[BlackElo "1385"]
[Annotator "ChessOrg"]
[PlyCount "75"]
[EventDate "1998.03.05"]
[Source "ChessBase"]
[SourceDate "1998.04.29"]

1. d4 d5 2. e3 Nf6 3. Bd3 e6 4. f4 c5 5. c3 Nc6 6. Nf3 cxd4 7. exd4 Be7 8. O-O
Bd6 9. Ne5 Bd7 10. Nd2 O-O 11. Qf3 a5 12. Qh3 Ne4 13. Bxe4 dxe4 14. Nxd7 Qxd7
15. Nxe4 Be7 16. Be3 f5 17. Nf2 Rad8 18. Nd3 Qd5 19. Qf3 Qxf3 20. Rxf3 g6 21.
Re1 Kf7 22. Bc1 Bd6 23. Rfe3 Rfe8 24. R3e2 b6 25. g3 h6 26. a3 h5 27. h4 Bc7
28. a4 Bb8 29. Be3 Bc7 30. b4 axb4 31. cxb4 Nxd4 32. Bxd4 Rxd4 33. Re3 Re7 34.
a5 bxa5 35. bxa5 Rc4 36. Ne5+ Bxe5 37. Rxe5 Ra4 38. R1e3 1/2-1/2